Biología 1 /

Guardado en:
Autor Principal: Zarur, Pedro
Formato: Libro
Publicado: Buenos Aires : Plus Ultra, 1981
Edición:12a. ed.
Materias:
Etiquetas: Agregar Etiqueta
Sin Etiquetas, Sea el primero en etiquetar este registro!
LEADER 01506nam a22003375a 4500
001 CEM.cems006747
005 20060214000000.0
008 130507s1981##################000#0#####d
003 CEMS
082 0 4 |a 574 
100 1 |a Zarur, Pedro 
245 1 0 |a Biología 1 / 
250 |a 12a. ed. 
260 |a Buenos Aires :  |b Plus Ultra,  |c 1981 
300 |a 245 p. 
653 |a Biología 
859 |a CEMS  |b BIB. CEMS - 11 de abril  |h 574  |i Z19a12/I  |p 13030.84  |t Ej.13 
859 |a CEMS  |b BIB. CEMS - 11 de abril  |h 574  |i Z19a12/I  |p 13049.84  |t Ej.12 
859 |a CEMS  |b BIB. CEMS - 11 de abril  |h 574  |i Z19a12/I  |p 13412.85  |t Ej.14 
859 |a CEMS  |b BIB. CEMS - 11 de abril  |h 574  |i Z19a12/I  |p 13534.85  |t Ej.15 
859 |a CEMS  |b BIB. CEMS - 11 de abril  |h 574  |i Z19a12/I  |p 14364.86  |t Ej.3 
859 |a CEMS  |b BIB. CEMS - 11 de abril  |h 574  |i Z19a12/I  |p 8892.81  |t Ej.1 
859 |a CEMS  |b BIB. CEMS - 11 de abril  |h 574  |i Z19a12/I  |p 8902.81  |t Ej.2 
859 |a CEMS  |b BIB. CEMS - 11 de abril  |h 574  |i Z19a12/I  |p 8904.81  |t Ej.4 
859 |a CEMS  |b BIB. CEMS - 11 de abril  |h 574  |i Z19a12/I  |p 8905.81  |t Ej.5 
859 |a CEMS  |b BIB. CEMS - 11 de abril  |h 574  |i Z19a12/I  |p 8906.81  |t Ej.6 
859 |a CEMS  |b BIB. CEMS - 11 de abril  |h 574  |i Z19a12/I  |p 8907.81  |t Ej.7 
859 |a CEMS  |b BIB. CEMS - 11 de abril  |h 574  |i Z19a12/I  |p 8908.81  |t Ej.8 
859 |a CEMS  |b BIB. CEMS - 11 de abril  |h 574  |i Z19a12/I  |p 8909.81  |t Ej.9 
859 |a CEMS  |b BIB. CEMS - 11 de abril  |h 574  |i Z19a12/I  |p 8910.81  |t Ej.10 
859 |a CEMS  |b BIB. CEMS - 11 de abril  |h 574  |i Z19a12/I  |p 8911.81  |t Ej.11